Bài tập giáo dục công dân 7
Sách bao gồm câu hỏi hướng dẫn học sinh phương pháp học tập, các dạng bài tập (trách nghiệm khách quan, tình huống, ứng dụng thực tiễn), các câu chuyện, thông tin tư liệu liên quan đến bài học
Tallennettuna:
| Päätekijä: | |
|---|---|
| Aineistotyyppi: | Kirja |
| Kieli: | Undetermined |
| Julkaistu: |
Hà Nội
Giáo dục Việt Nam
2015
|
| Aiheet: | |
| Tagit: |
Lisää tagi
Ei tageja, Lisää ensimmäinen tagi!
|
| Thư viện lưu trữ: | Trung tâm Học liệu Trường Đại học Cần Thơ |
|---|
| LEADER | 01015nam a2200217Ia 4500 | ||
|---|---|---|---|
| 001 | CTU_216329 | ||
| 008 | 210402s9999 xx 000 0 und d | ||
| 020 | |c 6500 | ||
| 082 | |a 370.115076 | ||
| 082 | |b A107 | ||
| 100 | |a Đặng, Thúy Anh | ||
| 245 | 0 | |a Bài tập giáo dục công dân 7 | |
| 245 | 0 | |c Đặng Thuý Anh (Chủ biên), Ngô Thị Diệp Lan, Trần Văn Thắng | |
| 260 | |a Hà Nội | ||
| 260 | |b Giáo dục Việt Nam | ||
| 260 | |c 2015 | ||
| 520 | |a Sách bao gồm câu hỏi hướng dẫn học sinh phương pháp học tập, các dạng bài tập (trách nghiệm khách quan, tình huống, ứng dụng thực tiễn), các câu chuyện, thông tin tư liệu liên quan đến bài học | ||
| 650 | |a Moral education,Giáo dục đạo đức | ||
| 650 | |x Study and teaching (Secondary),Dạy và học (Trung học) | ||
| 904 | |i Hải | ||
| 980 | |a Trung tâm Học liệu Trường Đại học Cần Thơ | ||